书目信息 |
| 题名: |
Netscape 3.X 浏览器领航员
|
|
| 作者: | 张传育 编著 | |
| 分册: | ||
| 出版信息: | 沈阳 辽宁科学技术出版社 1997.11 |
|
| 页数: | 212页 | |
| 开本: | 16开 | |
| 丛书名: | ||
| 单 册: | ||
| 中图分类: | TP393.098 | |
| 科图分类: | ||
| 主题词: | 计算机应用 | |
| 电子资源: | ||
| ISBN: | 7-5381-2626-0 | |
| 000 | 00590nam0 2200193 45 | |
| 001 | 0010021515 | |
| 005 | 20001002152237.6 | |
| 010 | @a7-5381-2626-0@d23.00元 | |
| 100 | @a20001002d1997 km y0chiy0120 ea | |
| 101 | 0 | @achi |
| 105 | @a z 000yy | |
| 200 | 1 | @aNetscape 3.X 浏览器领航员@ANetscape 3.X Liu Lan Qi Ling Hang Yuan@f张传育 编著@FZhang Chuan Yu Bian Zhu |
| 210 | @a沈阳@c辽宁科学技术出版社@d1997.11 | |
| 215 | @a212页@d16开 | |
| 606 | 0 | @a计算机应用 |
| 690 | @aTP393.098@v3 | |
| 701 | 0 | @a张传育@4编著 |
| 801 | @aCN@bPftUser@c20001002 | |
| 905 | @b162167-176@dTP393.098@eZH909@f10 | |
| Netscape 3.X 浏览器领航员/张传育 编著.-沈阳:辽宁科学技术出版社,1997.11 |
| 212页;16开 |
| ISBN 7-5381-2626-0:23.00元 |
| ● |
| 相关链接 |
|
|
|
正题名:Netscape 3.X浏览器领航员
索取号:TP393.098/ZH909
 
预约/预借
| 序号 | 登录号 | 条形码 | 馆藏地/架位号 | 状态 | 备注 |
| 1 | 162167 | 201621673 | 自科二线400A/400A自科库 2排1列4层/ [索取号:TP393.098/ZH909] | 在馆 | |
| 2 | 162168 | 201621682 | 自科二线504/504自科库 6排3列5层/ [索取号:TP393.098/ZH909] | 在馆 | |
| 3 | 162169 | 201621691 | 自科二线504/504自科库 6排3列5层/ [索取号:TP393.098/ZH909] | 在馆 | |
| 4 | 162170 | 201621708 | 自科二线504/504自科库 21排1列4层/ [索取号:TP393.098/ZH909] | 在馆 | |
| 5 | 162171 | 201621717 | 自科二线504/504自科库 21排1列4层/ [索取号:TP393.098/ZH909] | 在馆 | |
| 6 | 162172 | 201621726 | 自科二线400A/400A自科库 2排2列3层/ [索取号:TP393.098/ZH909] | 在馆 | |
| 7 | 162173 | 201621735 | 自科二线504/504自科库 21排1列5层/ [索取号:TP393.098/ZH909] | 在馆 | |
| 8 | 162174 | 201621744 | 自科二线504/504自科库 6排3列5层/ [索取号:TP393.098/ZH909] | 在馆 | |
| 9 | 162175 | 201621753 | 自科二线504/504自科库 6排3列5层/ [索取号:TP393.098/ZH909] | 在馆 | |
| 10 | 162176 | 201621762 | 自科二线504/504自科库 6排3列5层/ [索取号:TP393.098/ZH909] | 在馆 |